000 01345cam a22003491a 4500
001 9597925
003 BLK
005 20231027163235.0
008 770801s1885 fr 000 0 fre
010 _a 01022043
040 _cBLK
_aBLK
041 _aFRE
_cFRE
080 _aСредновековна и нова обща история
_b94
_z94
100 _aLeger, Louis
_d1843-1923.
_9435763
139 _aLeger, Louis
245 1 3 _aNouvelles etudes slaves
_bHistoire et litterature
_cLouis Leger
260 _aParis
_bErnest Leroux
_c1880
_9436018
300 _a407 с.
_c17 см
380 _a9
490 _9435080
_aКолекция Редки и ценни издания
490 _9435931
_aЛична библиотека на Захари Стоянов
_g№ 60
500 _aДатирано: 27.IV.1936 г. № 212
650 7 _aСлавистика
_9171109
653 7 _9187889
_aистория
653 7 _9189964
_aлитература
852 _aРф 880 ЗСт
_bРц
856 _fСъдържание
_lreg users access
_qjpg
_uhttp://185.138.176.146:18082/cgi-bin/koha/opac-retrieve-file.pl?id=00ba8c368bc05161e67b049aa39f7355
_xpicjpg
_zСъдържание
942 _2udc
_cKNG
_n0
_s1
_01
944 _aCR
_c2020-11-06
_k30542
_lРусанова Ирена
999 _c391381
_d391381
999 _d391381
999 _d391308